MDQL
is popping MORE tags! Check the
thread
!
Quizzes
Events
Quiz Creation
Community
Videos
Private Events
Remove Ads
Sign In
Join for FREE
Feedback
Dark Mode
Quiz Categories
Sports
Geography
Music
Movies
Television
Just For Fun
Miscellaneous
History
Literature
Language
Science
Gaming
Entertainment
Religion
Holiday
For Kids
Quiz Lab
Recent
Popular Today
Quiz Kudos Today
Editor Picks
Curator Picks
Quizzes by...
Day
Popularity
Type
Ratings
Length
Year
Community
Subscriptions
Recent Discussions
Orange Saloon
Badges
Playlists
Quests
Create
Leaderboards
Showdown
Live 5
Trivia Bingo
Activity
Puzzle Library
Sporcle Events
Private Events
Virtual Trivia
Globe League
Become a Host
Pub Owners
SporcleCon
Opinionation
Our Games
Videos
Blog
Mobile Apps
Partnerships
Remove Ads and Go Orange
Feedback
Just For Fun
Clickable
Get the Picture
Humor
Quick Pick
Word Ladder
Missing Word
Mixed Word
Blitz
Minefield
This or That
Alphabet
Color
Typing
Sporcle
Puzzle
Word Play
Follow That Line
Logic
Just For Fun
Clickable
Get the Picture
Humor
Quick Pick
Word Ladder
Missing Word
Mixed Word
Blitz
Minefield
This or That
Alphabet
Color
Typing
Sporcle
Puzzle
Word Play
Follow That Line
Logic
Random Quiz
Search Sporcle
×
Quiz Lab
Quiz Lab
Just For Fun
Mixed Word
Type in answers that appear in a list
Type in answers that appear in a list
Classic
Best Score? Go Orange.
Presidents unscrambled Stats
Can you name the Presidents unscrambled?
By
amby1920
5m
42 Questions
40 Plays
40 Plays
40 Plays
Comments
Comments
Give Quiz Kudos
Give Quiz Kudos
-
- Ratings
hide this ad
Replay
Link that replays current quiz
Next Quiz
Link to next quiz in quiz playlist
You Got
0%
They Got
Avg Score
84%
Avg Friend Score
Upgrade to see
Score Distribution
Jump to the score distribution portion of the page
Score
0/42
Timer
05:00
0
Plays Today
Scrambled
President last name
% Correct
Sdama
Adams
95%
Madas
Adams
95%
Mnatru
Truman
92.5%
Uhsb
Bush
92.5%
Subh
Bush
92.5%
Gtonshawin
Washington
90%
Oovetlsre
Roosevelt
90%
Pklo
Polk
90%
Mobaa
Obama
90%
Rlevtooes
Roosevelt
90%
Retrac
Carter
87.5%
Ftat
Taft
87.5%
Eronom
Monroe
87.5%
Tylora
Taylor
87.5%
Ffsnjereo
Jefferson
85%
Ergaan
Reagan
85%
Neknyed
Kennedy
85%
Snjkcao
Jackson
85%
Inolncl
Lincoln
85%
Xonin
Nixon
85%
Dfor
Ford
85%
Scrambled
President last name
% Correct
Jnhonso
Johnson
85%
Snmaido
Madison
82.5%
Tnoilcn
Clinton
82.5%
Ohoerv
Hoover
82.5%
Reisowhnee
Eisenhower
82.5%
Letyr
Tyler
82.5%
Onihsrra
Harrison
82.5%
Cepire
Pierce
82.5%
Ntrag
Grant
82.5%
Wlsnio
Wilson
82.5%
Rrihsoan
Harrison
82.5%
Refllmio
Fillmore
80%
Annahucb
Buchanan
80%
Knlyenimc
McKinley
80%
Ragldfie
Garfield
77.5%
Navnureb
Van Buren
77.5%
Ndelecavl
Cleveland
77.5%
Gindhar
Harding
77.5%
Ligeoocd
Coolidge
75%
Yheas
Hayes
72.5%
Trurah
Arthur
65%
Quiz Playlist
Details
Report
Send in Message
Add To Playlist
Classic:
Type in answers that appear in a list
Last Updated: Feb 16, 2017
Quiz Scoreboard
CHALLENGE
Sign Up to Join the Scoreboard
Show All
Scores
Hide
Comments
May contain spoilers
Recently Published
Street Fighter Characters
by Artimus82
Gaming
60s
9x9 Crossword: Cartoon Network
by jackfrog10
Miscellaneous
3m
College Basketball Coaching Resumes
by pancakes188
Sports
9m
More to Explore
Quiz From the Vault
Featured Blog Post
Where Did the Easter Bunny Come From?
hide this ad
You Might Also Like...
Tags
Mixed Word Quiz
US Presidents Quiz
Historical Figures
Today's Top Quizzes in Just For Fun
Browse Just For Fun
hide this ad
Today's Top Quizzes in Mixed Word
Browse Mixed Word
Top Contributed Quizzes in Just For Fun
1
Name Just One - 10 to 1: Just For Fun
2
Killer Double Trees 224 - Colour Match-Up
3
Spring Typing Challenge
4
Crossword Whiteout! 49
5
Zeroing In: Just For Fun
6
Survivor Winners Logic Puzzle
7
Word Ladder: Ahoy Matey
8
Word Ladder: Wilderness Weapon
9
Kyle's 122nd Triple Trees
10
Harry Potter Logic - 'In Chains' II
Explore More
Trending Topics
Marvel
NBA
Disney
Harry Potter
Kpop
Crossword
Anime
Puzzle
Soccer
Pokémon
Country
Song
NFL
WWE
The Office
hide this ad
More By:
amby1920
Quiz
Plays
Rating
Category
Featured
Created
Ultimate Family Guy Quiz 1.0
665
2.00
Just For Fun
Nov 13, 2011
2nd Grade Science
630
2.50
Science
Oct 29, 2011
King of the Hill Fan 1
584
3.40
Just For Fun
Oct 31, 2011
Social studies
86
History
Dec 17, 2011
ABCDEF word blaster
78
2.00
Miscellaneous
Jan 2, 2012
Go to Creator's Profile
Score Distribution
Quiz Creator Spotlight
amby1920
Follow
Send a Message
Quizzes Created
-
Created Quiz Play Count
-
More By This Creator
Popular Quizzes Today
1
Find the US States - No Outlines Minefield
2
Find the Countries of Europe - No Outlines Minefield
3
The Countries of the World
4
Find the US States
5
Risky Map Clicking: Biggest States A-Z
6
US States
7
Popular People in 1961
8
Movies - When Are They Set?
More Just For Fun Quizzes
Word Ladder: Beach Boys Songs
Published
Trending Quizzes
Risky Map Clicking: Least Populous States A-Z
Countries of the World: 200 Million BC
1-10 Letter G Words
Risky Map Clicking: Next State Alphabetically
Adjectives in 80s TV Shows
Recently Updated
Leaping Animals
pecheneg
Reality TV Shows (A-Z)
bhenderson79
Rickey Henderson's Hall of Fame Teammates
pecheneg
Champions League XIs: Arsenal
pecheneg
Quick Pick: Celebrities in WWE's Hall of Fame
aduchscher
A-Z Keypad Blitz II
pecheneg
Multiple Oscar Actors
pecheneg
Mystery Phrase Blitz: Oscar 'Best Actors'
pecheneg
F. Scott Fitzgerald Novels
LTH
Pick 3 Villains
ddd62291
Trending Topics
Marvel
Harry Potter
Disney
NBA
Anime
Kpop
Crossword
WWE
The Office
Soccer
Pokémon
Song
Country
Puzzle
NFL
Your Account Isn't Verified!
In order to create a playlist on Sporcle, you need to verify the email address you used during registration. Go to your
Sporcle Settings
to finish the process.
Report this User
Report this user for behavior that violates our
Community Guidelines
.
Details:
Send Report
Go to the Sporcle.com Mobile Site →
Comments